000 00488nam a2200169Ia 4500
008 090711s9999 xx 000 0 und d
082 _b71461
100 _aओशो रजनीश
245 _aओशो पातंजलयोग 1
260 _c1993
300 _a288
600 _aओशो रजनीश
630 _aओशो पातंजलयोग 1
700 _aओशो रजनीश
730 _aओशो पातंजलयोग 1
942 _cBOOK
999 _c285699
_d285699